The true and lucky life of a turtle / (Record no. 412152)
[ view plain ]
| 000 -LEADER | |
|---|---|
| fixed length control field | 02304cam a2200457 i 4500 |
| 001 - CONTROL NUMBER | |
| control field | in503448903 |
| 003 - CONTROL NUMBER IDENTIFIER | |
| control field | Ingram |
| 005 - DATE AND TIME OF LATEST TRANSACTION | |
| control field | 20251002124116.0 |
| 008 - FIXED-LENGTH DATA ELEMENTS--GENERAL INFORMATION | |
| fixed length control field | 250904s2025 nyua b b 000 0 eng d |
| 010 ## - LIBRARY OF CONGRESS CONTROL NUMBER | |
| LC control number | 2024948562 |
| 020 ## - INTERNATIONAL STANDARD BOOK NUMBER | |
| International Standard Book Number | 9780063325166 |
| Qualifying information | (hardcover) |
| 020 ## - INTERNATIONAL STANDARD BOOK NUMBER | |
| International Standard Book Number | 0063325160 |
| Qualifying information | (hardcover) |
| 035 ## - SYSTEM CONTROL NUMBER | |
| System control number | (OCoLC)1478685733 |
| 040 ## - CATALOGING SOURCE | |
| Original cataloging agency | TnLvILS |
| Language of cataloging | eng |
| Description conventions | rda |
| Transcribing agency | TnLvILS |
| Modifying agency | TnLvILS |
| 050 #4 - LIBRARY OF CONGRESS CALL NUMBER | |
| Classification number | QL666.C539 |
| Item number | M66 2025 |
| 082 04 - DEWEY DECIMAL CLASSIFICATION NUMBER | |
| Classification number | 597.92/2 |
| Edition number | 23 |
| 092 ## - LOCALLY ASSIGNED DEWEY CALL NUMBER (OCLC) | |
| Classification number | children nonfiction |
| Item number | Montgomery |
| 100 1# - MAIN ENTRY--PERSONAL NAME | |
| Personal name | Montgomery, Sy, |
| Relator term | author. |
| 9 (RLIN) | 34776 |
| 245 10 - TITLE STATEMENT | |
| Title | The true and lucky life of a turtle / |
| Statement of responsibility, etc | written by Sy Montgomery ; illustrated by Matt Patterson. |
| 250 ## - EDITION STATEMENT | |
| Edition statement | First edition. |
| 264 #1 - Production, Publication, Distribution, Manufacture, and Copyright Notice. | |
| Place of production, publication, distribution, manufacture | New York, NY : |
| Name of producer, publisher, distributor, manufacturer | Clarion Books, an imprint of HarperCollinsPublishers, |
| Date of production, publication, distribution, manufacture, or copyr | [2025] |
| 300 ## - PHYSICAL DESCRIPTION | |
| Extent | 1 volume (unpaged) : |
| Other physical details | color illustrations ; |
| Dimensions | 27 x 29 cm. |
| 336 ## - Content Type | |
| Content type term | text |
| 336 ## - Content Type | |
| Content type term | still image |
| 337 ## - Media type | |
| Media type term | unmediated |
| 338 ## - Carrier type | |
| Carrier type term | volume |
| 504 ## - BIBLIOGRAPHY, ETC. NOTE | |
| Bibliography, etc | Includes bibliographical references. |
| 520 ## - SUMMARY, ETC. | |
| Summary, etc | "Here is the true story of a very lucky turtle. His story began long ago when he was hatched from a very small egg on an autumn day. After decades of traveling between his summer pond behind the firehouse and his winter pond across the street, he never could have guessed that on one October day he would become unlucky. The amazing friends and challenges he met along the way are all chronicled by the Sibert Honor-winning duo behind 'The book of turtles' in this tribute to the resilience and good luck of their dear friend, a very lucky turtle indeed. Detailed back matter includes an author's note, information about snapping turtles, and reader resources for how to save injured turtles"-- |
| 521 1# - TARGET AUDIENCE NOTE | |
| Target audience note | 04-08. |
| 521 2# - TARGET AUDIENCE NOTE | |
| Target audience note | P-03. |
| 650 #0 - SUBJECT ADDED ENTRY--TOPICAL TERM | |
| Topical term or geographic name as entry element | Snapping turtles |
| Form subdivision | Juvenile literature. |
| 9 (RLIN) | 6455475 |
| 650 #0 - SUBJECT ADDED ENTRY--TOPICAL TERM | |
| Topical term or geographic name as entry element | Turtles |
| Form subdivision | Juvenile literature. |
| 9 (RLIN) | 5726574 |
| 650 #0 - SUBJECT ADDED ENTRY--TOPICAL TERM | |
| Topical term or geographic name as entry element | Wildlife rescue |
| Form subdivision | Juvenile literature. |
| 9 (RLIN) | 5713844 |
| 650 #0 - SUBJECT ADDED ENTRY--TOPICAL TERM | |
| Topical term or geographic name as entry element | Wildlife rehabilitation |
| Form subdivision | Juvenile literature. |
| 9 (RLIN) | 5713845 |
| 650 #1 - SUBJECT ADDED ENTRY--TOPICAL TERM | |
| Topical term or geographic name as entry element | Snapping turtles. |
| 9 (RLIN) | 6050630 |
| 650 #1 - SUBJECT ADDED ENTRY--TOPICAL TERM | |
| Topical term or geographic name as entry element | Turtles. |
| 650 #1 - SUBJECT ADDED ENTRY--TOPICAL TERM | |
| Topical term or geographic name as entry element | Wildlife rescue. |
| 655 #7 - INDEX TERM--GENRE/FORM | |
| Genre/form data or focus term | Picture books. |
| Source of term | lcgft. |
| 700 1# - ADDED ENTRY--PERSONAL NAME | |
| Personal name | Patterson, Matt, |
| Relator term | illustrator. |
| 9 (RLIN) | 6468717 |
| 942 ## - ADDED ENTRY ELEMENTS (KOHA) | |
| Source of classification or shelving scheme | Dewey Decimal Classification |
| Koha item type | BOOK |
| Withdrawn status | Lost status | Source of classification or shelving scheme | Damaged status | Not for loan | Collection code | Home library | Current library | Shelving location | Date acquired | Source of acquisition | Total Checkouts | Total Renewals | Full call number | Barcode | Date last seen | Date checked out | Cost, replacement price | Price effective from | Koha item type |
|---|---|---|---|---|---|---|---|---|---|---|---|---|---|---|---|---|---|---|---|
| Dewey Decimal Classification | Children NonFiction | Wasatch County Library | Wasatch County Library | Main Floor Childrens Area | 10/02/2025 | Ingram | 1 | 2 | E Animals Reptiles Montgomery | 34301002169029 | 02/02/2026 | 10/03/2025 | 19.99 | 10/02/2025 | BOOK |
